000 00592cam a2200217 4500
001 J86050
008 090401t1997 xxu||||| |||| 00| 0 eng d
035 _a(Sirsi) u80466
041 _aeng
050 _a306.109421
110 _aLondon Research Centre
_93277
245 _aLondon house prices quarterly bulletin. - No. 42 (January-March 1997) - No. 45 (October-December 1997)
260 _aLondon
_bLondon Research Centre
_c1997
300 _a4 pt. ; 30cm.
350 _a30
650 _aHOUSE PRICES
650 _aLONDON
690 _aHOUSING
942 _n0
948 _c26/08/1997
999 _c96620
_d96620